书目信息 |
| 题名: |
教育社会学
|
|
| 作者: | 徐瑞 , 刘慧珍 著 | |
| 分册: | ||
| 出版信息: | 北京 北京师范大学出版社 2018 |
|
| 页数: | 399页 | |
| 开本: | 24cm | |
| 丛书名: | 新世纪高等学校教材 | |
| 单 册: | ||
| 中图分类: | G40-052 | |
| 科图分类: | ||
| 主题词: | 教育社会学--jiao yu she hui xue | |
| 电子资源: | ||
| ISBN: | 978-7-303-10811-4 | |
| 000 | 00963nam 2200289 45 | |
| 001 | 012001001517 | |
| 005 | 20140128165904.0 | |
| 010 | @a978-7-303-10811-4@dCNY42.00 | |
| 099 | @aCAL 012010161267 | |
| 100 | @a20100629d2010 em y0chiy0121 ea | |
| 101 | 0 | @achi |
| 102 | @aCN@b110000 | |
| 105 | @aak a 000yy | |
| 106 | @ar | |
| 200 | 1 | @a教育社会学@Ajiao yu she hui xue@f徐瑞, 刘慧珍著@FXu Rui, Liu Hui Zhen Zhu@PXRLHZZ |
| 210 | @a北京@c北京师范大学出版社@d2018 | |
| 215 | @a399页@c图@d24cm | |
| 225 | 2 | @a新世纪高等学校教材@Axin shi ji gao deng xue xiao jiao cai@i教育学基础课系列教材 |
| 300 | @a普通高等教育“十一五”国家级规划教材 | |
| 320 | @a有书目 (第263-265页) | |
| 410 | 0 | @12001@a新世纪高等学校教材@i教育学基础课系列教材 |
| 606 | 0 | @a教育社会学@Ajiao yu she hui xue |
| 690 | @aG40-052@v4 | |
| 701 | 0 | @a徐瑞@Axu rui@4著 |
| 701 | 0 | @a刘慧珍@Aliu hui zhen@4著 |
| 801 | 0 | @aCN@b江苏凤凰@c20191020 |
| 905 | @b1223984-7@dG40-052@e1066@f4 | |
| 教育社会学/徐瑞, 刘慧珍著.-北京:北京师范大学出版社,2018 |
| 399页:图;24cm.-(新世纪高等学校教材.教育学基础课系列教材) |
| 普通高等教育“十一五”国家级规划教材 |
| ISBN 978-7-303-10811-4:CNY42.00 |
| ● |
| 相关链接 |
|
|
|
|
正题名:教育社会学
索取号:G40-052/1066
 
预约/预借
| 序号 | 登录号 | 条形码 | 馆藏地/架位号 | 状态 | 备注 |
| 1 | 1223984 | 212239843 | 第一样本阅览室/ [索取号:G40-052/1066] | 在馆 | |
| 2 | 1223985 | 212239852 | 教育系资料室/ [索取号:G40-052/1066] | 在馆 | |
| 3 | 1223986 | 212239861 | 教育系资料室/ [索取号:G40-052/1066] | 在馆 | |
| 4 | 1223987 | 212239870 | 第四借阅区/ [索取号:G40-052/1066] | 在馆 |